000 00426nam a2200181Ia 4500
001 3779
005 20260306145708.0
008 260306t2003||||xx |||||||||||||| ||spa||
041 _aESP
082 _a303.4
_bB119
100 _aBayardo, Rubens
_eAUT
245 0 _aGlobalización e identidad cultural
260 _c2003
300 _a282 pƔginas :
_c23 cm.
650 _aGEN
654 _aCHU
942 _cLIB
_dJUS
_fJUS
_2ddc
_n
999 _c3779
_d3779